000 00907nam a2200289 i 4500
001 000015380
003 DO-SdBNP
005 20250313144830.0
007 ta
008 100208s2002 dr 001 f spa d
040 _aDO-SdBNP
_bspa
_cBNPHU
_erda
041 _aspa
082 4 _aRD863.44
_bM313so
_222
100 1 _aMarcallé Abreu, Roberto,
_eautor
_4aut.
_9862
242 _aNovela
245 1 0 _aSobre aves negras, cortes de media luna y lágrimas de sangre :
_bnovela /
_cRoberto Marcallé Abreu.
264 4 _aSanto Domingo :
_bEditorial MC.,
_c©2002.
300 _a334 páginas ;
_c22 cm.
336 _atexto
_btxt
_2rdacontent
337 _asin mediación
_bn
_2rdamedia
338 _avolumen
_bnc
_2rdacarrier
590 _aInventariado, 2019/BT
650 4 _aNovela dominicana
_9223
650 4 _aLiteratura dominicana.
_967
910 _aValidado. Control de calidad MFF
942 _2ddc
_cLBS1
999 _c14942
_d14942